00524pab a2200181 454500008004000000100001700040245005600057260000900113300001200122362001200134650002500146650001700171773001600188908000600204909001000210999001700220952010500237180718b2011 xxu||||| |||| 00| 0 eng d aBhagat, R.B. aUrbanization and access to basic amenities in India c2011 ap.1-14. aJan-Jun aUrbanization - India aUrbanization aUrban India aN a99658 c99657d99657 00104070aIIPAbIIPAd2018-07-19hVolume no: 31, Issue no: 1pAR100118r2018-07-19w2018-07-19yAR